| 000 | 01131nam a2200361Ia 4500 | ||
|---|---|---|---|
| 001 | dia_6052 | ||
| 003 | CHAP | ||
| 005 | 20251021161053.0 | ||
| 008 | 220117s2014 xx 000 0 und d | ||
| 010 | _a177259 | ||
| 020 | _a978-607-312-319-8 | ||
| 040 | _cCHAP | ||
| 082 | _a808.8385 G74 B35 2014 | ||
| 100 |
_aGreen, John _950554 |
||
| 245 |
_aBajo la misma estrella / _c John Green ; traducción de Noemí Sobregués Arias |
||
| 260 |
_aMéxico : _b Penguin Random House, _c2014 |
||
| 300 | _a301 p. | ||
| 440 |
_aNube de tinta _9160664 |
||
| 500 | _aTítulo original: The fault in our stars | ||
| 503 | _aC. | ||
| 590 | _aPS3607.R44 B35 2014 | ||
| 650 |
_aAmerican literature _x21st century _9153959 |
||
| 650 |
_aCancer _xFiction _9160665 |
||
| 650 |
_aCancer _xNovela _9160666 |
||
| 650 |
_aFiction _9152751 |
||
| 650 |
_aLiteratura americana _xSiglo XXI _9153678 |
||
| 650 |
_aNovela _982011 |
||
| 700 |
_aSobregués Arias, Noemí, tr. _9160667 |
||
| 901 | _a808.8385 G74 B35 2014 | ||
| 902 | _aM | ||
| 905 | _a5232272014 mx x 9222223332spa16 | ||
| 942 |
_cLIBRO _2ddc |
||
| 999 |
_c177259 _d177259 |
||